The adventurer /

Bibliographic Details
Main Author: Waltari, Mika, 1908-1979
Format: Book
Language:English
Finnish
Published: New York : Putnam, [1950]

MARC

Tag First Indicator Second Indicator Subfields
LEADER 00000cam a2200000 4500
001 in00000683076
005 20170328115038.0
008 720621s1950 nyu 00001 eng u
010 |a  50009498  
035 |a (OCoLC)00337909 
035 |9 ACZ6858AM 
040 |c WSU  |d TXA  |d UtOrBLW 
041 1 |a eng  |a fin 
049 |a TXAM  |c 1 [182793]  |c 2 [1207222] 
050 0 |a PZ3.W16986  |b Ad 
050 4 |a PH355.W3  |b A6813 1950 
090 |a PH355.W3  |b A38 1950 
100 1 |a Waltari, Mika,  |d 1908-1979. 
245 1 4 |a The adventurer /  |c translated by Naomi Walford. 
264 1 |a New York :  |b Putnam,  |c [1950] 
300 |a 377 pages ;  |c 22 cm. 
336 |a text  |b txt  |2 rdacontent 
337 |a unmediated  |b n  |2 rdamedia 
338 |a volume  |b nc  |2 rdacarrier 
999 |a MARS 
999 f f |s 1cecb099-cf7a-3d7c-a870-d4f4f2622afc  |i b0f4b19c-7da3-3c3d-ae8f-eedd041a6b56  |t 0 
952 f f |p ric  |a Texas A&M University  |b Rellis Campus  |c Joint Library Facility  |d Remote Storage  |t 0  |e PZ3.W16986 Ad  |h Library of Congress classification  |i unmediated -- volume  |m A14804292711 
952 f f |p normal  |a Texas A&M University  |b College Station  |c Sterling C. Evans Library  |d Evans: Library Stacks  |t 0  |e PH355.W3 A38 1950  |h Library of Congress classification  |i unmediated -- volume  |m A14821585567 
998 f f |a PZ3.W16986 Ad  |t 0  |l Remote Storage 
998 f f |a PH355.W3 A38 1950  |t 0  |l Evans: Library Stacks